| 000 | 00863nam a2200265 i 4500 | ||
|---|---|---|---|
| 001 | 11340 | ||
| 003 | ES-MaACL | ||
| 005 | 20250804043844.0 | ||
| 007 | t| | ||
| 008 | 960418s1994 mx |||| |dspa d | ||
| 020 | _a968-16-4251-1 | ||
| 080 | _a1 Ortega y Gasset, José:1(8=134.2)"19" | ||
| 100 | 1 |
_aMedin, Tzvi. _979686 |
|
| 245 | 1 | 0 |
_aOrtega y Gasset en la cultura hispanoamericana / _cTzvi Medin. |
| 250 | _a1ª ed. | ||
| 260 |
_aMéxico : _bFondo de Cultura Económica, _c1994. |
||
| 300 |
_a318 p. ; _c23 cm. |
||
| 490 | 1 | _aSección de obras de filosofía | |
| 504 | _aBibliografía: p. 307-318. | ||
| 600 | 1 | 7 |
_aOrtega y Gasset, José, _d1883-1955- _xInfluencia _2 _9143079 |
| 650 | 7 |
_aFilosofía- _zAmérica Latina- _yS.XX _2 _9138326 |
|
| 830 | 1 |
_aSección de obras de filosofía _9178631 |
|
| 852 |
_aES-MaACL _jL-18686 |
||
| 999 |
_c11340 _d11340 |
||